| 000 | 00473nam a2200157 a 4500 | ||
|---|---|---|---|
| 001 | 1984 | ||
| 003 | CDMR | ||
| 005 | 20130321195613.0 | ||
| 008 | 130130s2001||||||||||||||||||||||||||||d | ||
| 020 | _a8484505537 | ||
| 040 |
_aCDMR _bcat _cCPC GIRONA |
||
| 100 | 1 |
_aTorrado, Llorenç _91481 |
|
| 245 | 1 | 3 |
_aLa dieta mediterránea _b: [consejos, recetas y principios prácticos para su salud diaria] _cTorrado, Llorenç |
| 260 |
_c2001 _bPlaza & Janés _aBarcelona |
||
| 942 |
_cMON _2udc |
||
| 999 |
_c1984 _d1984 |
||